श्रीमद्भगवद् गीता: (Record no. 62418)

MARC details
000 -LEADER
fixed length control field 01099nam a22001937a 4500
008 - FIXED-LENGTH DATA ELEMENTS--GENERAL INFORMATION
fixed length control field 090226t xxu||||| |||| 00| 0 eng d
010 ## - LCCN (DPL NO)
LC control number
020 ## - INTERNATIONAL STANDARD BOOK NUMBER
International Standard Book Number
Terms of availability 125.00
035 ## - SYSTEM CONTROL NUMBER
System control number B-74579
040 ## - CATALOGING SOURCE
Original cataloging agency dpl
Language of cataloging HN
082 ## - DEWEY DECIMAL CLASSIFICATION NUMBER
Classification number 181.45
245 ## - TITLE STATEMENT
Title श्रीमद्भगवद् गीता:
Statement of responsibility, etc कैलाश चन्द्र त्रिवेदी द्वारा अनुवादित
Remainder of title पद्यानुबाद (हिन्दी) /
260 ## - PUBLICATION, DISTRIBUTION, ETC. (IMPRINT)
Place of publication, distribution, etc जयपुर
Name of publisher, distributor, etc हंसा प्रकाशन
Date of publication, distribution, etc 2001
270 ## - ADDRESS
Address 57, नाटाणी भवन, मिश्रराजाजी का रास्ता, चाँदपोल बाजार,
City जयपुर
Postal code 302001
300 ## - PHYSICAL DESCRIPTION
Extent 118पृ.
Dimensions 22सेमी. (अजिल्द)
700 ## - ADDED ENTRY--PERSONAL NAME
Personal name त्रिवेदी, कैलाश चन्द्र
9 (RLIN) 41375
942 ## - ADDED ENTRY ELEMENTS (KOHA)
Source of classification or shelving scheme Dewey Decimal Classification
Item type Hindi Books
Classification part 181.45
Call number suffix श्रीमद्
Holdings
Withdrawn status Lost status Source of classification or shelving scheme Damaged status Not for loan Collection code Home library Current library Date acquired Cost, normal purchase price Total Checkouts Full call number Barcode Date last seen Cost, replacement price Koha item type
    Dewey Decimal Classification     Non-fiction Sarojini Nagar Sarojini Nagar 09/02/2012 125.00   181.45 श्रीमद् B-74579 09/02/2012 125.00 Hindi Books

© Delhi Public Library
Hit Counter
free hit counter